Осенния вечера. (Запись № 12052308)
[ простой вид ]
| 000 -МАРКЕР | |
|---|---|
| контрольное поле | 01398nas1a22003491 4500 |
| 001 - ИДЕНТИФИКАТОР ЗАПИСИ | |
| контрольное поле | RU\NLR\Per19\1320 |
| 005 - ИДЕНТИФИКАТОР ВЕРСИИ | |
| контрольное поле | 20260406095438.0 |
| 035 ## - ДРУГИЕ СИСТЕМНЫЕ НОМЕРА | |
| Идентификатор записи | (NLR Aleph) 011840320 |
| 100 ## - ДАННЫЕ ОБЩЕЙ ОБРАБОТКИ | |
| Данные общей обработки | 20251221 rusy50 |
| 101 0# - ЯЗЫК РЕСУРСА | |
| Язык текста, звукозаписи и т.д. | русский |
| 102 ## - СТРАНА ПУБЛИКАЦИИ ИЛИ ПРОИЗВОДСТВА | |
| Страна публикации | российская федерация |
| 110 ## - ПОЛЕ КОДИРОВАННЫХ ДАННЫХ: ПРОДОЛЖАЮЩИЕСЯ РЕСУРСЫ | |
| Кодированные данные продолжающегося ресурса | ay||||||||| |
| 200 1# - ЗАГЛАВИЕ И СВЕДЕНИЯ ОБ ОТВЕТСТВЕННОСТИ | |
| Основное заглавие | Осенния вечера. |
| Сведения, относящиеся к заглавию | Еженедельное издание. 1803 года. |
| 210 ## - ПУБЛИКАЦИЯ, РАСПРОСТРАНЕНИЕ И ДР. | |
| Место издания, распространения и т.д. | В Санктпетербурге |
| Имя издателя, распространителя и т. д. | При Губернском правлении |
| Дата издания, распространения и т.д. | 1803 |
| 215 ## - ФИЗИЧЕСКАЯ ХАРАКТЕРИСТИКА | |
| Размеры | 8° (21 см) |
| 518 1# - ЗАГЛАВИЕ В СТАНДАРТНОМ СОВРЕМЕННОМ ПРАВОПИСАНИИ | |
| Основное заглавие, вариант заглавия или унифицированное заглавие | Осенние вечера |
| 702 #1 - ИМЯ ЛИЦА - ВТОРИЧНАЯ ОТВЕТСТВЕННОСТЬ | |
| Начальный элемент ввода | Малиновский |
| Часть имени, кроме начального элемента ввода | В.Ф. |
| Даты | 1765-1817 |
| Расширение инициалов личного имени | Василий Федорович |
| 702 #1 - ИМЯ ЛИЦА - ВТОРИЧНАЯ ОТВЕТСТВЕННОСТЬ | |
| Начальный элемент ввода | Максимов |
| Часть имени, кроме начального элемента ввода | А.Г. |
| Даты | 1862-? |
| Расширение инициалов личного имени | Александр Гаврилович |
| 702 #1 - ИМЯ ЛИЦА - ВТОРИЧНАЯ ОТВЕТСТВЕННОСТЬ | |
| Графика поля | Кириллица |
| Материалы, к которым относится поле | rus |
| Начальный элемент ввода | Мазурин |
| Часть имени, кроме начального элемента ввода | Ф. Ф. |
| Даты | 1845-1898 |
| Расширение инициалов личного имени | Фёдор Фёдорович |
| Идентификатор авторитетной/нормативной записи | RU\NLR\AUTH\770287865 |
| Системный номер авторитетной/нормативной записи | 2690367 |
| 801 #2 - ИСТОЧНИК ЗАПИСИ | |
| Страна | российская федерация |
| Организация | NLR |
| Дата составления | 20141009 |
| Источник данных | rusmarc |
| 852 ## - МЕСТОНАХОЖДЕНИЕ И ШИФР ХРАНЕНИЯ | |
| Идентификатор организации | NLR |
| Шифр хранения (Call Number) | 2/1130 |
| Публикуемое примечание | № 1-3, 5-8 |
| 856 4# - МЕСТОНАХОЖДЕНИЕ ЭЛЕКТРОННЫХ РЕСУРОВ И ДОСТУП К НИМ | |
| Имя пользователя (logon/login) | SV_CAT |
| Эмуляция терминала (Terminal emulation) | VIEW |
| Универсальный идентификатор ресурса (Uniform Resource Identifier) | https://webservices.nlr.ru/viewer/file?name=p011840320_001.jpg |
| Непубликуемое примечание (Nonpublic note) | 001 |
| Тип доступа (Access method) | Страница |
| 856 4# - МЕСТОНАХОЖДЕНИЕ ЭЛЕКТРОННЫХ РЕСУРОВ И ДОСТУП К НИМ | |
| Имя пользователя (logon/login) | SV_CAT |
| Эмуляция терминала (Terminal emulation) | VIEW |
| Универсальный идентификатор ресурса (Uniform Resource Identifier) | https://webservices.nlr.ru/viewer/file?name=p011840320_002.jpg |
| Непубликуемое примечание (Nonpublic note) | 002 |
| Тип доступа (Access method) | Страница |
| 899 ## - ДАННЫЕ О МЕСТОНАХОЖДЕНИИ (устаревшее) | |
| Местонахождение | РГБ |
| Публикуемое примечание | № 1-3, 5-8 |
| 899 ## - ДАННЫЕ О МЕСТОНАХОЖДЕНИИ (устаревшее) | |
| Местонахождение | БАН |
| 899 ## - ДАННЫЕ О МЕСТОНАХОЖДЕНИИ (устаревшее) | |
| Местонахождение | ГПИБ |
| Публикуемое примечание | № 1-3, 5-8 |
| 899 ## - ДАННЫЕ О МЕСТОНАХОЖДЕНИИ (устаревшее) | |
| Местонахождение | РГАДА |
| 942 ## - ДОПОЛНИТЕЛЬНЫЕ ЭЛЕМЕНТЫ ЗАПИСИ (АБИС) | |
| Тип экземпляра АБИС | Журнал |
| 980 ## - КОЛЛЕКЦИЯ | |
| Название коллекции | Национальная библиография |
| 980 ## - КОЛЛЕКЦИЯ | |
| Название коллекции | Русские журналы первой четверти 19 в. |
Нет доступных экземпляров.